Normal view
MARC view
- Syed Bilal Raza Tirmizi
Entry Personal Name
001 - CONTROL NUMBER
- control field: 7502
003 - CONTROL NUMBER IDENTIFIER
- control field: NUST
005 - DATE AND TIME OF LATEST TRANSACTION
- control field: 20171221152317.0
008 - FIXED-LENGTH DATA ELEMENTS
- fixed length control field: 171221|| aca||aabn | a|a d
040 ## - CATALOGING SOURCE
- Original cataloging agency: NUST
- Transcribing agency: NUST
100 ## - HEADING--PERSONAL NAME
- Personal name: Syed Bilal Raza Tirmizi
670 ## - SOURCE DATA FOUND
- Source citation: Work cat.: (NUST): Syed Bilal Raza Tirmizi, Physical device modeling of GaAs based resonant tunneling diode, 2017
